<?xml version="1.0" encoding="UTF-8"?><?xml-stylesheet type="text/xsl" href="static/style.xsl"?><OAI-PMH xmlns="http://www.openarchives.org/OAI/2.0/" xmlns:xsi="http://www.w3.org/2001/XMLSchema-instance" xsi:schemaLocation="http://www.openarchives.org/OAI/2.0/ http://www.openarchives.org/OAI/2.0/OAI-PMH.xsd"><responseDate>2026-04-17T12:05:28Z</responseDate><request verb="GetRecord" identifier="oai:riubu.ubu.es:10259/3890" metadataPrefix="marc">https://riubu.ubu.es/oai/request</request><GetRecord><record><header><identifier>oai:riubu.ubu.es:10259/3890</identifier><datestamp>2022-04-29T11:09:58Z</datestamp><setSpec>com_10259_3593</setSpec><setSpec>com_10259_5086</setSpec><setSpec>com_10259_2604</setSpec><setSpec>com_10259_3596</setSpec><setSpec>col_10259_3594</setSpec><setSpec>col_10259_3597</setSpec></header><metadata><record xmlns="http://www.loc.gov/MARC21/slim" xmlns:doc="http://www.lyncode.com/xoai" xmlns:xsi="http://www.w3.org/2001/XMLSchema-instance" xmlns:dcterms="http://purl.org/dc/terms/" xsi:schemaLocation="http://www.loc.gov/MARC21/slim http://www.loc.gov/standards/marcxml/schema/MARC21slim.xsd">
<leader>00925njm 22002777a 4500</leader>
<datafield tag="042" ind1=" " ind2=" ">
<subfield code="a">dc</subfield>
</datafield>
<datafield tag="720" ind1=" " ind2=" ">
<subfield code="a">García Bartolomé, Nuria</subfield>
<subfield code="e">author</subfield>
</datafield>
<datafield tag="720" ind1=" " ind2=" ">
<subfield code="a">García García, Patricia</subfield>
<subfield code="e">author</subfield>
</datafield>
<datafield tag="720" ind1=" " ind2=" ">
<subfield code="a">Fernández Rodríguez, Manuel A.</subfield>
<subfield code="e">author</subfield>
</datafield>
<datafield tag="720" ind1=" " ind2=" ">
<subfield code="a">Rubio Presa, Rubén</subfield>
<subfield code="e">author</subfield>
</datafield>
<datafield tag="720" ind1=" " ind2=" ">
<subfield code="a">Pedrosa Sáez, María de los Remedios</subfield>
<subfield code="e">author</subfield>
</datafield>
<datafield tag="720" ind1=" " ind2=" ">
<subfield code="a">Arnáiz García, Francisco Javier</subfield>
<subfield code="e">author</subfield>
</datafield>
<datafield tag="720" ind1=" " ind2=" ">
<subfield code="a">Sanz Díez, Roberto</subfield>
<subfield code="e">author</subfield>
</datafield>
<datafield tag="260" ind1=" " ind2=" ">
<subfield code="c">2012-02</subfield>
</datafield>
<datafield tag="520" ind1=" " ind2=" ">
<subfield code="a">Pinacol is disclosed as a new chemoselective and environmentally benign reducing agent for sulfoxides and nitroaromatics assisted by readily available dichlorodioxomolybdenum(VI) complexes as catalysts. A wide range of substrates including those bearing challenging functional groups has been efficiently and selectively reduced with acetone and water being the only by-products of these reactions</subfield>
</datafield>
<datafield tag="024" ind2=" " ind1="8">
<subfield code="a">1615-4150</subfield>
</datafield>
<datafield tag="024" ind2=" " ind1="8">
<subfield code="a">http://hdl.handle.net/10259/3890</subfield>
</datafield>
<datafield tag="024" ind2=" " ind1="8">
<subfield code="a">10.1002/adsc.201100877</subfield>
</datafield>
<datafield ind1=" " ind2=" " tag="653">
<subfield code="a">chemoselectivity</subfield>
</datafield>
<datafield ind1=" " ind2=" " tag="653">
<subfield code="a">molybdenum</subfield>
</datafield>
<datafield ind1=" " ind2=" " tag="653">
<subfield code="a">nitro compounds</subfield>
</datafield>
<datafield ind1=" " ind2=" " tag="653">
<subfield code="a">reduction</subfield>
</datafield>
<datafield ind1=" " ind2=" " tag="653">
<subfield code="a">sulfoxides</subfield>
</datafield>
<datafield tag="245" ind1="0" ind2="0">
<subfield code="a">Pinacol as a new green reducing agent: molybdenum-catalyzed chemoselective reduction of sulfoxides and nitroaromatics</subfield>
</datafield>
</record></metadata></record></GetRecord></OAI-PMH>